Diccionario ideológico de la lengua española. Desde la idea a la palabra; desde la palabra a la idea.

Salvato in:
Dettagli Bibliografici
Autore principale: Casares, Julio (autor)
Natura: Libro
Lingua:inglese
Pubblicazione: Barcelona, España: Gustavo Gili, 1994.
Edizione:Segunda edición (18a. tirada).
Soggetti:
Tags: Aggiungi Tag
Nessun Tag, puoi essere il primo ad aggiungerne!!

MARC

LEADER 00000nam a22000007a 4500
003 CL-VaPUC
005 20220822114431.0
008 220314t1994 ||||| |||| 00| 0 eng d
999 |c 434808  |d 434806 
020 |a 84-252-0126-8 
040 |c Pontificia Universidad Católica de Valparaíso 
082 7 |a 463 CAS 1994  |2 22 
100 |a Casares, Julio  |9 345385  |e autor 
245 |a Diccionario ideológico de la lengua española.   |b Desde la idea a la palabra; desde la palabra a la idea.  
250 |a Segunda edición (18a. tirada).  
260 |a Barcelona, España:   |b Gustavo Gili,   |c 1994. 
300 |a LXXV, 887 páginas.  
500 |a c.1 Donación Familia Prof. Alejandro Guzmán Brito. 
583 |c 20220314  |k Yessy Stephany Diaz Vidal 
650 |a Lengua española   |x Diccionarios  |9 869370 
942 |2 ddc  |c BK  |n 0 
952 |0 0  |1 0  |2 ddc  |4 0  |6 463_000000000000000_CAS_1994  |7 0  |8 C_AGB  |9 581820  |a BIBDER  |b BIBDER  |d 2022-03-14  |e Donación   |i 5650064  |o 463 CAS 1994  |p 5650064  |r 2023-01-25  |t 1   |w 2022-03-14  |y BK_US  |k AGB